00734nam a2200181 a 450000100100000000500170001000800410002702000150006804000250008310000360010824500820014426001000022630000350032670000380036170000310039995201050043099900170053500003416920240305133544.0110926s2000 dr 000 0 spa d a8480123052 aDO-SdBNPbspacBNPHU1 aCabezas Esteban, Antonio95958910aSabor a caña /cAntonio Cabezas Esteban, José Luis Sáez, Harry Hoetink. a[Santo Domingo] :bPatronato de la Ciudad de Santo DomingobCentro Cultural de España,c2000. a84 p, 24 lam. :bil. ;c22 cm.1 a Sáez , José Luisd1937-96201 aHoetink, H.,d1931-937205 0010718PDaPDbPDcHDd2011-09-26iLF1l0o p34169-10r2020-06-25w2020-06-25yLFPDZNo se presta c33660d33660